[Event "Kampala Rwabushenyi Memorial"]
[Site "Kampala"]
[Date "2021.12.04"]
[Round "5"]
[White "Mugide, Safinah"]
[Black "Mwashe, Philip"]
[Result "0-1"]
[WhiteElo "1466"]
[BlackElo "1756"]
[PlyCount "120"]
[EventDate "2021.12.02"]
[EventType "swiss"]
[EventRounds "8"]
[EventCountry "UGA"]
[SourceTitle "EXT 2023"]
[Source "ChessBase"]
[SourceDate "2022.10.05"]
[SourceVersion "1"]
[SourceVersionDate "2022.10.05"]
[SourceQuality "1"]

1. e4 e6 2. d4 d5 3. Bd3 Nf6 4. Bg5 Be7 5. e5 Nfd7 6. Bxe7 Qxe7 7. c3 c5 8. Qg4 g6 9. Nd2 cxd4 10. cxd4 Nc6 11. Ngf3 Qb4 12. Rb1 Ncxe5 13. Nxe5 Nxe5 14. Qe2 Nxd3+ 15. Qxd3 Bd7 16. Qc3 Qxc3 17. bxc3 b6 18. 0-0 0-0 19. Rfe1 Rac8 20. Rbc1 Bb5 21. Re3 Rc7 22. a3 Rfc8 23. f4 Ba4 24. Nf3 a5 25. Kf2 b5 26. Ke2 b4 27. Kd2 b3 28. Rb1 Rb8 29. Rb2 Bd7 30. Ne1 a4 31. Nd3 Rbc8 32. Nc5 Bb5 33. g4 Kg7 34. h4 h6 35. Re5 Rxc5 36. dxc5 Rxc5 37. Re3 Rc4 38. Rf3 Re4 39. Rf2 e5 40. fxe5 Rxg4 41. Rh2 Rg3 42. h5 Rg1 43. Rh4 Bc4 44. Ke3 Ra1 45. Kd4 Rxa3 46. Rh1 Ra2 47. Rxa2 bxa2 48. hxg6 Kxg6 49. Kc5 Kf5 50. Kd6 Bd3 51. Ra1 Bb1 52. Kxd5 h5 53. c4 h4 54. c5 h3 55. c6 h2 56. c7 h1Q+ 57. Kd6 Qb7 58. Kd7 Kxe5 59. Kd8 Qxc7+ 60. Kxc7 f5 0-1